| 000 | 01538nam a2200469 i 4500 | ||
|---|---|---|---|
| 001 | 196245 | ||
| 003 | ES-MaACL | ||
| 005 | 20250825062744.0 | ||
| 007 | ta | ||
| 008 | 240823t19431932fr af frb 000 0bfre d | ||
| 035 | _a066125464 | ||
| 035 | _a064490564 | ||
| 035 | _a(OCoLC)301475210 | ||
| 035 | _asib1135058 | ||
| 035 | _aPRITEC.BSG.010850607001 | ||
| 035 | _aurouen92535 | ||
| 035 | _aAIC01050077 | ||
| 035 | _aSU013605590001P | ||
| 035 | _aALP000197581 | ||
| 035 | _a009988734 | ||
| 040 |
_aABES _bfre _eAFNOR _cES-MaACL |
||
| 041 | 0 | _2639-2 | |
| 100 | 0 |
_0(IdRef)026728990 _1http://www.idref.fr/026728990/id _aBilly, André, _d1882-1971 _928895 |
|
| 245 | 1 | 0 |
_aVie de Diderot / _cAndré Billy. |
| 250 | _aÉd. revue et augmentée. | ||
| 260 |
_aParis : _bFlammarion, _c1943. |
||
| 300 |
_a405 p.-[8] p. de pl. : _bil. ; _c21 cm. |
||
| 336 |
_btxt _2rdacontent _atexto |
||
| 337 |
_bn _2rdamedia _asin mediación |
||
| 337 |
_bn _2isbdmedia _asin mediación |
||
| 338 |
_bnga _2RDAfrCarrier _avolumen |
||
| 504 | _aBibliografia: p. 395-401. | ||
| 600 | 1 | 4 |
_aDiderot, Denis, _d1713-1784 _944511 |
| 655 | 0 |
_aBiografías _9176647 |
|
| 852 |
_aES-MaACL _cDEPO1 _jA-15336 _hDonación: José Manuel Duarte Cendán _9203991 |
||
| 903 |
_9238529 _aDuarte Cendán, José Manuel _q1 _ednr |
||
| 942 |
_n0 _cMONOGRAFIA |
||
| 999 |
_c196245 _d196245 |
||
| 999 | _b751052102ma | ||